000 00728nam a2200289Ia 4500
005 20260324111514.0
008 008 260324s9999 xx 000 0 eng d
020 _a9781003540434
037 _aEBOOK
040 _aCRL
040 _beng
040 _cCRL
041 _2eng
041 _aeng
084 _qCRL
100 _aVilda Purutçuoğlu; Gerhard Wilhelm Weber; Hajar Farnoudkia
_91138842
245 0 _aOperations Research
245 0 _bEvolving Frontiers and Diverse Applications
260 _bTaylor and Francis
260 _c2025
365 _a
365 _b290
856 _uhttp://www.taylorfrancis.com/books/9781003540434
942 _cEBOOK
999 _c1727693
_d1727693